000 00415nam a22001697a 4500
003 NUST - PNEC
005 20170116181013.0
008 150913b xxu||||| |||| 00| 0 eng d
020 _a013159690X
040 _cLIBRARY
082 _a006.6 HEA
100 _910300
_aHearn, Donald
245 _aComputer graphics
_cDonald Hearn
260 _cc.1994
650 _910302
_aComputer graphics
_xMIS
942 _2ddc
_cBK
999 _c67166
_d67166